书目信息 |
| 题名: |
中国林业植物授权新品种
|
|
| 作者: | ;国家林业和草原局 , 国家林业和草原局 编 | |
| 分册: | 2018 | |
| 出版信息: | 北京 中国林业出版社 2021.3 |
|
| 页数: | 12,427页 | |
| 开本: | 26cm | |
| 丛书名: | ||
| 单 册: | ||
| 中图分类: | S718.3 | |
| 科图分类: | ||
| 主题词: | 森林植物--品种--中国--2018--汇编 | |
| 电子资源: | ||
| ISBN: | 978-7-5219-0973-9 | |
| 000 | 01274nam0 2200277 45 | |
| 001 | 012001001306 | |
| 005 | 20211012151501.88 | |
| 010 | @a978-7-5219-0973-9@dCNY298.00 | |
| 100 | @a20210506d2021 em y0chiy50 ea | |
| 101 | 0 | @achi |
| 102 | @aCN@b110000 | |
| 105 | @aa z 000yy | |
| 106 | @ar | |
| 200 | 1 | @a中国林业植物授权新品种@Azhong guo lin ye zhi wu shou quan xin pin zhong@h2018@f国家林业和草原局科技发展中心(国家林业和草原局植物新品种保护办公室)编 |
| 210 | @a北京@c中国林业出版社@d2021.3 | |
| 215 | @a12,427页@c彩图,彩照@d26cm | |
| 300 | @a并列题名:Protected new plant varieties in forestry sector in China | |
| 312 | @a封面英文题名:Protected new plant varieties in forestry sector in China. 2018 | |
| 330 | @a本书将2018年授权的405个林业植物新品种汇编成书,包括:粉玉、圣洁、满园红、紫馨、银蝶、杂早2号、鸿业榆、公主梦、童话、海涛杨、云食1号、恋人等。 | |
| 510 | 1 | @aProtected new plant varieties in forestry sector in China@h2018@zeng |
| 606 | 0 | @a森林植物@x品种@y中国@z2018@j汇编 |
| 690 | @aS718.3@v5 | |
| 711 | 02 | @a国家林业和草原局@Aguo jia lin ye he cao yuan ju@b科技发展中心@4编 |
| 711 | 02 | @a国家林业和草原局@Aguo jia lin ye he cao yuan ju@b植物新品种保护办公室@4编 |
| 801 | 0 | @aCN@bBJSDL@c20211011 |
| 905 | @b1333857-9@dS718.3@e154(2018)@f3 | |
| 中国林业植物授权新品种.2018/国家林业和草原局科技发展中心(国家林业和草原局植物新品种保护办公室)编.-北京:中国林业出版社,2021.3 |
| 12,427页:彩图,彩照;26cm |
| 并列题名:Protected new plant varieties in forestry sector in China |
| ISBN 978-7-5219-0973-9:CNY298.00 |
| 本书将2018年授权的405个林业植物新品种汇编成书,包括:粉玉、圣洁、满园红、紫馨、银蝶、杂早2号、鸿业榆、公主梦、童话、海涛杨、云食1号、恋人等。 |
| ● |
| 相关链接 |
|
|
|
|
正题名:中国林业植物授权新品种
索取号:S718.3/154(2018)
 
预约/预借
| 序号 | 登录号 | 条形码 | 馆藏地/架位号 | 状态 | 备注 |
| 1 | 1333857 | 213338574 | 第二样本阅览室/ [索取号:S718.3/154(2018)] | 在馆 | |
| 2 | 1333858 | 213338583 | 第三借阅区/ [索取号:S718.3/154(2018)] | 在馆 | |
| 3 | 1333859 | 213338592 | 第三借阅区/ [索取号:S718.3/154(2018)] | 在馆 |